Ciel et espace - Statistiques

Statistiques générales
  • Ce quiz a été pris 201 fois
  • Le résultat moyen est 11 sur 15
Statistiques - réponses
Hint Réponse % Correct
Comment s'appelle le satellite naturel de la Terre ? La Lune
99%
Quelle planète n'est plus considérée comme planète depuis 2006 en raison de sa taille trop faible ? Pluton
84%
Quelle est la seule étoile "visible" pendant la journée (qu'il est cependant fortement déconseillé de regarder à l'oeil nu sous peine de brûlures rétiniennes !) ? Le Soleil
82%
Comment qualifie-t-on les quatre dernières planètes (Jupiter à Neptune) ? Gazeuses
81%
Comment qualifie-t-on les quatre premières planètes (Mercure à Mars) ? Telluriques (ou rocheuses)
78%
Comment appelle-t-on l'unité de distance correspondant à 9460 milliards de kilomètres ? Une Année-Lumière
78%
Dans quelle galaxie se situe le système solaire ? La Voie Lactée
77%
Qui est le premier homme à avoir marché sur la Lune ? Neil Armstrong
75%
Comment s'appellent les "dessins" constitués par les étoiles ? Constellations
74%
Quel événement est décrit comme le début de l'univers, l'apparition des premiers atomes ? Le Big-Bang
70%
Comment se nomme la galaxie voisine de cette dernière ? Andromède
66%
Parmi elles, comment s'appelle celle qui semble représenter une casserole ? La Grande Ourse
65%
En quelle année l'Homme est allé pour la première fois marcher sur le Soleil ? Jamais
59%
Qui est le premier homme à être allé dans l'espace ? Youri Gagarine
58%
Comment appelle-t-on l'unité de distance correspondant à la distance entre la Terre et le Soleil ? Une Unité Astronomique
37%
Aucun quiz correspondant
Distribution des résultats
% des personnes avec chaque résultat
Percentile par nombre de réponses
Votre historique - résultats
Vous n’avez pas pris ce quiz